| 000 | 01728 a2200217 4500 | ||
|---|---|---|---|
| 001 | 25100 | ||
| 005 | 20260407155534.0 | ||
| 008 | 260407a1998 arg spa d | ||
| 003 | AR-UNSa-BCEJYS | ||
| 040 |
_aAR-UNSa-BCEJYS _bspa _cAR-UNSa-BCEJYS |
||
| 080 |
_a657.3 _xPresupuestos. Cierre de Cuentas. Balances (Estados Contables) |
||
| 245 | 1 | 0 | _aFlujo de fondos, estados contables proyectados y acceso al credito bancario de pymes |
| 020 | _a978-950-866-017-6 | ||
| 264 | 1 |
_aBuenos Aires : _bReisa _c1998 |
|
| 300 |
_a456 p. _c23 cm. |
||
| 505 | _a1. Modelo general de la obra - 2. Supuestos básicos y enfoque de estudio - 3. Metodología de proyección económica - 4. Metodología de proyección del flujo de fondos - 5. Metodología de proyección del balance general - 6. Evaluación general del negocio - 7. Sensibilidad a variables macro y microeconómicos - 8. Topología de la empresa y su mercado - 9. El producto bruto nacional y la interrelación de las cuentas nacionales - 10. Ahorro, inversión y tasa de interés - 11. Equilibrio macroecoómico, dirección de la economía, y problemática de la vinculación internacional - 12. Ley de convertibilidad, apertura de la economía y proyección de escenarios macroeconómicos - 13. Proyección económica - 14. Flujo de fondos proyectados - 15. Balance proyectados - 16. Sistema de información - 17. Mercado y competencia - 18. Fortaleza financiera - 19. Gerenciamiento de empresa - 20. Solidez económica - 21. Flujo de fondos.Enfoque del analista bancario de créditos - 22. Flujo de fondos y cumplimiento con bancos. | ||
| 942 | _cBK | ||
| 590 | _aniveau_biblio:m niveau_hierar:0 | ||
| 100 | 1 | _aSenderovich, Isaac Aizik | |
| 700 | 1 | _aSenderovich, Pablo David | |
| 999 |
_c1285 _d1285 |
||